| 000 | 00827nas a2200289 4500 | ||
|---|---|---|---|
| 001 | BR0706362 | ||
| 003 | BR-BrBNA | ||
| 005 | 20231205111244.0 | ||
| 007 | ta | ||
| 008 | 230509b bl.|||p| |||| 00| 00por d | ||
| 040 |
_aBR-BrBNA _bpor _cBiblioteca Nacional de Agricultura |
||
| 041 | _a(Pt) | ||
| 072 | _aL70 | ||
| 100 | 1 | _aWeiss, R.R. | |
| 100 | 1 | _aRodaski, S. | |
| 100 | 1 | _aBúchele, J.M. | |
| 100 | 1 | _aSantos, I.M. | |
| 100 | 1 | _aAlmeida, L.M. | |
| 245 | 1 | _aEstudo preliminar de algumas características do sêmen canino congelado | |
| 650 | _aCÃO | ||
| 650 | _aSÊMEN | ||
| 650 | _aCRIOPRESERVAÇÃO | ||
| 650 | _aVARIAÇÃO | ||
| 773 | 0 |
_tArchives of Veterinary Science (Brazil) _xISSN 1517-784X _g(Oct 2000), v. 5 p. 67-71 _wBR0706362 |
|
| 909 |
_a202311 _bLúcia _c55 _dLúcia Elande |
||
| 942 |
_2AGRIS _n0 _cANA |
||
| 999 |
_c191650 _d191650 |
||